[Event "19th Karpov Poikovsky"]
[Site "Poikovsky RUS"]
[Date "2018.06.02"]
[Round "6.3"]
[White "Sutovsky, Emil"]
[Black "Vidit, Santosh Gujrathi"]
[Result "1/2-1/2"]
[WhiteTitle "GM"]
[BlackTitle "GM"]
[WhiteElo "2647"]
[BlackElo "2707"]
[WhiteFideId "2802007"]
[BlackFideId "5029465"]
[EventDate "2018.05.27"]

1. e4 e5 2. Nf3 Nc6 3. Bb5 a6 4. Ba4 Nf6 5. O-O Nxe4 6. d4 b5 7. Bb3 d5 8. dxe5
Be6 9. Qe2 Be7 10. Rd1 O-O 11. c4 bxc4 12. Bxc4 Bc5 13. Be3 Bxe3 14. Qxe3 Qb8
15. Bb3 Na5 16. Nbd2 Qa7 17. Qxa7 Rxa7 18. Nxe4 Nxb3 19. axb3 dxe4 20. Nd4 c5
21. Nxe6 fxe6 22. Rd6 Rb7 23. Rxe6 Rxb3 24. Rexa6 Rxb2 25. e6 Rfxf2 26. e7 Rxg2+
27. Kf1 Kf7 28. Re6 Rgf2+ 29. Kg1 Rg2+ 30. Kf1 Rgf2+ 1/2-1/2

[Event "19th Karpov Poikovsky"]
[Site "Poikovsky RUS"]
[Date "2018.06.02"]
[Round "6.4"]
[White "Nepomniachtchi, Ian"]
[Black "Bologan, Victor"]
[Result "1-0"]
[WhiteTitle "GM"]
[BlackTitle "GM"]
[WhiteElo "2751"]
[BlackElo "2610"]
[WhiteFideId "4168119"]
[BlackFideId "13900048"]
[EventDate "2018.05.27"]

1. e4 e5 2. Nf3 Nc6 3. Bb5 Nf6 4. d3 Bc5 5. Nbd2 O-O 6. Bxc6 dxc6 7. Nc4 Nd7 8.
Qe2 Re8 9. h4 b5 10. Na5 Bb4+ 11. Bd2 Bxa5 12. Bxa5 Nf8 13. Qe3 Qd6 14. h5 c5
15. Bd2 Ne6 16. O-O-O b4 17. g4 Nd4 18. Nxd4 exd4 19. Qf3 Qa6 20. Kb1 c4 21.
dxc4 Bb7 22. Rde1 Qxc4 23. h6 Qe6 24. Qf4 b3 25. axb3 d3 26. cxd3 Ba6 27. Rh3
Qxb3 28. Qg5 Bxd3+ 29. Rxd3 Qxd3+ 30. Kc1 Qc4+ 31. Bc3 g6 32. Qf6 Kf8 33. Rd1
Qxe4 34. Qg7+ Ke7 35. Re1 1-0

[Event "19th Karpov Poikovsky"]
[Site "Poikovsky RUS"]
[Date "2018.06.02"]
[Round "6.5"]
[White "Artemiev, Vladislav"]
[Black "Kovalev, Vladislav"]
[Result "0-1"]
[WhiteTitle "GM"]
[BlackTitle "GM"]
[WhiteElo "2704"]
[BlackElo "2650"]
[WhiteFideId "24101605"]
[BlackFideId "13504398"]
[EventDate "2018.05.27"]

1. g3 Nf6 2. Bg2 c5 3. e4 Nc6 4. Nc3 g6 5. d3 Bg7 6. Be3 d6 7. Nge2 O-O 8. O-O
Rb8 9. h3 b5 10. Qd2 b4 11. Nd1 e5 12. a3 a5 13. axb4 axb4 14. Bh6 Bxh6 15. Qxh6
Nd4 16. Nxd4 cxd4 17. Qd2 Qb6 18. Kh2 Kg7 19. f4 Bd7 20. b3 Ra8 21. Nb2 Rxa1 22.
Rxa1 Qc5 23. Nc4 Bb5 24. fxe5 dxe5 25. Bf3 Rb8 26. Bd1 Bxc4 27. bxc4 Qc7 28. h4
h6 29. Kg2 Nd7 30. h5 Nc5 31. hxg6 fxg6 32. Be2 Qe7 33. Ra5 Qc7 34. Ra1 Qe7 35.
Ra5 h5 36. Qe1 Rf8 37. Rb5 h4 38. gxh4 Ne6 39. Kg1 Nf4 40. Bf1 Ra8 41. Qg3 Ra1
42. Qg4 Rc1 43. c5 Rxc2 44. Rxb4 Qf7 45. Qg3 Rxc5 46. Rb1 Rc2 47. Ra1 Qf6 48.
Kh1 Nh5 49. Qg4 Kh6 50. Bg2 Qf4 51. Qxf4+ Nxf4 52. Bf3 Nxd3 53. Kg1 Rf2 54. Bg2
Rd2 55. Ra5 Ne1 56. Bh1 Nd3 57. Bf3 Rc2 58. Rd5 Rc5 59. Rd6 Rc1+ 60. Kh2 Nf4 61.
Kg3 Rc3 62. Rb6 Nd3 63. Kh2 Nc5 64. Kg2 Re3 65. h5 Nd3 66. Rxg6+ Kh7 67. Rg3
Nf4+ 68. Kf2 Kh6 69. Rg8 Nd3+ 70. Kg3 Ne1 71. Rg6+ Kh7 72. Rf6 Kg7 73. Rf5 Nxf3
74. Rxf3 Rxe4 75. Rf5 d3 76. Rf2 Re3+ 77. Kg4 Re2 78. Rf1 d2 79. Rd1 e4 80. Kg5
e3 81. h6+ Kh7 82. Ra1 Rg2+ 83. Kh5 e2 0-1

[Event "19th Karpov Poikovsky"]
[Site "Poikovsky RUS"]
[Date "2018.06.03"]
[Round "7.1"]
[White "Kovalev, Vladislav"]
[Black "Nepomniachtchi, Ian"]
[Result "1/2-1/2"]
[WhiteTitle "GM"]
[BlackTitle "GM"]
[WhiteElo "2650"]
[BlackElo "2751"]
[WhiteFideId "13504398"]
[BlackFideId "4168119"]
[EventDate "2018.05.27"]

1. e4 c5 2. Nf3 d6 3. Bb5+ Nd7 4. d4 cxd4 5. Qxd4 a6 6. Bxd7+ Bxd7 7. c4 Nf6 8.
Bg5 e6 9. Nc3 Be7 10. e5 dxe5 11. Nxe5 O-O 12. Nxd7 Nxd7 13. Bxe7 Qxe7 14. Rd1
Nf6 15. O-O Rac8 16. b3 Qb4 17. Ne4 Nxe4 1/2-1/2

[Event "19th Karpov Poikovsky"]
[Site "Poikovsky RUS"]
[Date "2018.06.03"]
[Round "7.2"]
[White "Fedoseev, Vladimir3"]
[Black "Gelfand, Boris"]
[Result "1/2-1/2"]
[WhiteTitle "GM"]
[BlackTitle "GM"]
[WhiteElo "2706"]
[BlackElo "2695"]
[WhiteFideId "24130737"]
[BlackFideId "2805677"]
[EventDate "2018.05.27"]

1. d4 Nf6 2. c4 e6 3. Nf3 d5 4. g3 Bb4+ 5. Bd2 Be7 6. Bg2 O-O 7. O-O c6 8. Qb3
b6 9. Ne5 Ba6 10. Bc3 Nfd7 11. Nd2 Nxe5 12. dxe5 Nd7 13. a4 Bc5 14. Qc2 d4 15.
b4 dxc3 16. Qxc3 Bxb4 17. Qxb4 Nxe5 18. Qc3 Qc7 19. a5 b5 20. cxb5 Bxb5 21. Nb3
Rac8 22. a6 Rfd8 23. Nd4 Nc4 24. Rfb1 Qd7 25. e3 e5 26. Nb3 Qe7 27. h4 g6 28.
Rc1 Nb6 29. Nc5 Nd5 30. Qa3 Rb8 31. Nb7 Qxa3 32. Rxa3 Rd7 33. Bh3 Rc7 34. Nd6
Nb4 35. Nxb5 Rxb5 36. Bf1 Rb6 37. Ra5 Re7 38. Bc4 Kg7 39. Rd1 Nd5 40. Bxd5 cxd5
41. Rdxd5 1/2-1/2

[Event "19th Karpov Poikovsky"]
[Site "Poikovsky RUS"]
[Date "2018.06.03"]
[Round "7.3"]
[White "Vidit, Santosh Gujrathi"]
[Black "Artemiev, Vladislav"]
[Result "1/2-1/2"]
[WhiteTitle "GM"]
[BlackTitle "GM"]
[WhiteElo "2707"]
[BlackElo "2704"]
[WhiteFideId "5029465"]
[BlackFideId "24101605"]
[EventDate "2018.05.27"]

1. d4 Nf6 2. c4 g6 3. Nc3 d5 4. Nf3 Bg7 5. Qb3 c6 6. cxd5 Nxd5 7. e4 Nxc3 8.
bxc3 O-O 9. Be3 c5 10. d5 Nd7 11. Bd3 b5 12. Qc2 b4 13. Bd2 c4 14. Bxc4 Qc7 15.
Be2 bxc3 16. O-O Ne5 17. Rfc1 Nxf3+ 18. Bxf3 Bd7 19. Bxc3 Rfc8 20. Bxg7 Qxc2 21.
Rxc2 Rxc2 22. Bd4 a5 23. h3 Rb8 24. a3 f6 25. e5 Rc4 26. Rd1 Ba4 27. Rd2 Rc2 28.
Rxc2 Bxc2 29. exf6 exf6 30. d6 Kg7 31. d7 Ba4 32. Bg4 Bxd7 33. Bxd7 Rd8 34. Bb6
Rxd7 35. Bxa5 Rd1+ 36. Kh2 Rd3 37. Bb4 Kf7 38. Bc5 Rd5 39. Bb4 Ke6 40. g3 f5 41.
Kg2 Rd3 42. Bf8 Kd5 43. Be7 Ke6 44. Bf8 g5 45. Bc5 Rc3 46. Be3 h6 47. h4 gxh4
48. Bxh6 hxg3 49. f3 Rxa3 50. Kxg3 Ra4 51. Bg5 Ke5 52. Bh6 Rc4 53. Bg7+ Kd5 54.
Bh6 Kc6 55. Bg5 Kb5 56. Bh6 Kb4 57. Bg5 Kc3 58. Bh6 Kd3 59. Bg5 Ke2 60. Bh6 Rc3
61. Kf4 Rxf3+ 62. Ke5 Rh3 63. Bg5 Rh5 64. Kxf5 1/2-1/2

[Event "19th Karpov Poikovsky"]
[Site "Poikovsky RUS"]
[Date "2018.06.03"]
[Round "7.4"]
[White "Bologan, Victor"]
[Black "Jakovenko, Dmitry"]
[Result "0-1"]
[WhiteTitle "GM"]
[BlackTitle "GM"]
[WhiteElo "2610"]
[BlackElo "2735"]
[WhiteFideId "13900048"]
[BlackFideId "4122356"]
[EventDate "2018.05.27"]

1. e4 c5 2. Nf3 e6 3. d4 cxd4 4. Nxd4 Nc6 5. Nc3 Qc7 6. Be2 Nf6 7. Be3 a6 8. a3
Be7 9. f4 d6 10. g4 d5 11. e5 Nd7 12. g5 Bc5 13. Qd2 Nxd4 14. Bxd4 Bxd4 15. Qxd4
Qb6 16. O-O-O Qxd4 17. Rxd4 g6 18. h4 h6 19. Bf3 hxg5 20. hxg5 Rxh1+ 21. Bxh1
Ke7 22. Ne2 Nb6 23. Rd3 Nc4 24. Rh3 Bd7 25. a4 b5 26. b3 Na5 27. axb5 Bxb5 28.
Nc3 Rc8 29. Kd2 Nc6 30. Bf3 Nd4 31. Bg4 Bd7 32. Rd3 Nc6 33. Ne2 a5 34. Rh3 Ra8
35. Rh1 a4 36. Ra1 Na5 37. Kc3 Rc8+ 38. Kb2 Rb8 39. Nd4 Rh8 40. Be2 Rh4 41. Rf1
axb3 42. cxb3 Nc6 43. Kc3 Rh2 44. Ba6 Nxd4 45. Kxd4 Ra2 46. Bd3 Rd2 47. Rf3 Bb5
48. Kc3 Rxd3+ 49. Rxd3 Bxd3 50. Kxd3 Kd7 51. Kc3 Kc6 52. Kb4 Kb6 53. Kc3 Kb5 54.
Kd3 Kb4 55. Kc2 d4 56. Kd3 Kxb3 57. Kxd4 Kc2 58. Ke3 Kc3 59. Kf3 Kd3 60. Kf2 Ke4
61. Kg3 Ke3 62. Kg4 Kf2 0-1

[Event "19th Karpov Poikovsky"]
[Site "Poikovsky RUS"]
[Date "2018.06.03"]
[Round "7.5"]
[White "Korobov, Anton"]
[Black "Sutovsky, Emil"]
[Result "1-0"]
[WhiteTitle "GM"]
[BlackTitle "GM"]
[WhiteElo "2678"]
[BlackElo "2647"]
[WhiteFideId "14105730"]
[BlackFideId "2802007"]
[EventDate "2018.05.27"]

1. Nf3 Nf6 2. c4 g6 3. Nc3 d5 4. cxd5 Nxd5 5. h4 Nxc3 6. dxc3 Qxd1+ 7. Kxd1 h5
8. Bf4 f6 9. Bxc7 Na6 10. Bg3 Bf5 11. Nd4 O-O-O 12. Kc1 Nc5 13. Nxf5 gxf5 14. e3
Bh6 15. Bc4 e5 16. Kc2 Kc7 17. Rhd1 Ne4 18. Be6 Nxg3 19. fxg3 Bxe3 20. Bxf5 Bf2
21. Rxd8 Rxd8 22. g4 hxg4 23. h5 Be3 24. Rd1 Rxd1 25. Kxd1 g3 26. Ke2 Bf4 27.
Kd3 Kd6 28. b4 b6 29. c4 Bh6 30. Ke4 a5 31. a3 axb4 32. axb4 Bd2 33. Kd3 Bh6 34.
Kc3 Bf8 35. Kb3 Ke7 36. c5 bxc5 37. bxc5 Kf7 38. c6 Bd6 39. h6 1-0

[Event "19th Karpov Poikovsky"]
[Site "Poikovsky RUS"]
[Date "2018.06.04"]
[Round "8.1"]
[White "Jakovenko, Dmitry"]
[Black "Kovalev, Vladislav"]
[Result "1/2-1/2"]
[WhiteTitle "GM"]
[BlackTitle "GM"]
[WhiteElo "2735"]
[BlackElo "2650"]
[WhiteFideId "4122356"]
[BlackFideId "13504398"]
[EventDate "2018.05.27"]

1. d4 Nf6 2. c4 g6 3. Nc3 Bg7 4. e4 d6 5. Nf3 O-O 6. Be2 e5 7. O-O Nc6 8. d5 Ne7
9. Ne1 Nd7 10. Nd3 f5 11. Bd2 fxe4 12. Nxe4 Nf6 13. f3 Nf5 14. Ndf2 Nd4 15.
Nxf6+ Qxf6 16. Ne4 Qe7 17. Bd3 Bf5 18. Be3 c6 19. Qd2 cxd5 20. cxd5 Rac8 21.
Rae1 Qc7 22. Rc1 Qd7 23. Rc3 Bxe4 24. Bxe4 Qb5 25. Re1 a6 26. Bf2 Qa5 1/2-1/2

[Event "19th Karpov Poikovsky"]
[Site "Poikovsky RUS"]
[Date "2018.06.04"]
[Round "8.2"]
[White "Artemiev, Vladislav"]
[Black "Nepomniachtchi, Ian"]
[Result "1/2-1/2"]
[WhiteTitle "GM"]
[BlackTitle "GM"]
[WhiteElo "2704"]
[BlackElo "2751"]
[WhiteFideId "24101605"]
[BlackFideId "4168119"]
[EventDate "2018.05.27"]

1. d4 Nf6 2. Nf3 g6 3. Bg5 Bg7 4. Nbd2 O-O 5. e3 d6 6. Bc4 Qe8 7. O-O e5 8. a4
a5 9. c3 Nbd7 10. e4 h6 11. Bh4 Nb6 12. Bd3 Bd7 13. b3 Nh5 14. Re1 Nf4 15. Bf1
Be6 16. Qc2 Kh8 17. Rad1 Rc8 18. Qc1 f6 19. Qc2 Bg8 20. Bg3 Nh5 21. Nh4 Kh7 22.
Bb5 c6 23. Be2 Nxg3 24. hxg3 Bf7 25. f4 Rd8 26. f5 g5 27. Ng6 Bxg6 28. fxg6+
Qxg6 29. Bg4 Kh8 30. Nc4 Nxc4 31. bxc4 d5 32. Bf5 Qf7 33. exd5 cxd5 34. c5 Qc7
35. Rb1 Rfe8 36. Qb3 exd4 37. cxd4 h5 38. Kf2 h4 39. Qf3 Bh6 40. g4 Rxe1 41.
Kxe1 Re8+ 42. Kf2 Bg7 43. Kg1 Qc6 44. Bd3 Qxa4 45. Qxd5 h3 46. Bg6 f5 47. Bxe8
Qxe8 48. gxf5 Qe3+ 49. Kh1 hxg2+ 50. Qxg2 Qxd4 51. Qh3+ Kg8 52. Qf3 a4 53. Rxb7
g4 54. Qc6 Qd1+ 55. Kg2 Qe2+ 56. Kg3 Be5+ 57. Kh4 Qh2+ 58. Kxg4 Qf4+ 59. Kh5
Qh2+ 60. Kg6 Qg3+ 61. Kh5 Qh3+ 62. Kg5 Qg3+ 1/2-1/2

[Event "19th Karpov Poikovsky"]
[Site "Poikovsky RUS"]
[Date "2018.06.04"]
[Round "8.3"]
[White "Vidit, Santosh Gujrathi"]
[Black "Korobov, Anton"]
[Result "1-0"]
[WhiteTitle "GM"]
[BlackTitle "GM"]
[WhiteElo "2707"]
[BlackElo "2678"]
[WhiteFideId "5029465"]
[BlackFideId "14105730"]
[EventDate "2018.05.27"]

1. e4 c5 2. Nf3 d6 3. d4 cxd4 4. Nxd4 Nf6 5. Nc3 a6 6. Be3 e5 7. Nb3 Be6 8. f3
h5 9. Nd5 Bxd5 10. exd5 Nbd7 11. Qd2 g6 12. O-O-O Nb6 13. Kb1 Nbxd5 14. Bg5 Be7
15. Bd3 Rc8 16. Rhe1 O-O 17. h3 b5 18. g4 h4 19. Bxh4 Nf4 20. Bg3 Nxd3 21. Qxd3
Qc7 22. c3 Qc4 23. Qd2 Qc6 24. f4 Ne4 25. Qd3 d5 26. fxe5 b4 27. cxb4 Bxb4 28.
Re2 a5 29. Bf4 Qb6 30. a4 g5 31. Be3 Qg6 32. Ka2 Rfd8 33. Nd4 Rc4 34. Rc2 Qa6
35. Nb5 Be7 36. Rxc4 dxc4 37. Qc2 Rxd1 38. Qxd1 Qe6 39. Qd4 Nc5 40. Nc3 Nd3 41.
Kb1 Nxe5 42. Qe4 Bb4 43. Bd4 Bxc3 44. Bxc3 f6 45. Qa8+ Kf7 46. Qxa5 Nd3 47. Qb5
Qe4 48. Ka2 Nc1+ 49. Ka3 Qe7+ 50. Qb4 Qc7 51. a5 Nd3 52. Qb6 Qe7+ 53. Ka2 Nc1+
54. Kb1 Qe4+ 55. Kxc1 Qh1+ 56. Kd2 Qh2+ 57. Ke1 1-0

[Event "19th Karpov Poikovsky"]
[Site "Poikovsky RUS"]
[Date "2018.06.04"]
[Round "8.4"]
[White "Sutovsky, Emil"]
[Black "Fedoseev, Vladimir3"]
[Result "1/2-1/2"]
[WhiteTitle "GM"]
[BlackTitle "GM"]
[WhiteElo "2647"]
[BlackElo "2706"]
[WhiteFideId "2802007"]
[BlackFideId "24130737"]
[EventDate "2018.05.27"]

1. e4 c6 2. d4 d5 3. Nd2 dxe4 4. Nxe4 Nd7 5. Nf3 Ngf6 6. Nxf6+ Nxf6 7. c3 Qc7 8.
Ne5 Be6 9. Bf4 Qb6 10. Bc4 Bxc4 11. Nxc4 Qb5 12. Qe2 e6 13. Bd6 Rd8 14. Bxf8
Kxf8 15. a4 Qd5 16. O-O h5 17. Ne3 Qe4 18. Qc4 Kg8 19. Qb4 Rd7 20. Qc5 a6 21.
Qe5 Qxe5 22. dxe5 Ng4 23. Nc4 b5 24. axb5 axb5 25. h3 bxc4 26. hxg4 hxg4 27. Ra4
Rh5 28. Rxc4 g3 29. fxg3 Rxe5 30. Rxc6 Re2 31. b4 g5 32. Kh1 g4 33. b5 Rdd2 34.
Rc4 f5 35. Rg1 Kf7 36. Rb4 Rd8 37. Rgb1 Rdd2 38. Rg1 Rd8 39. Rf1 Rdd2 40. Rg1 1/2-1/2

[Event "19th Karpov Poikovsky"]
[Site "Poikovsky RUS"]
[Date "2018.06.05"]
[Round "9.1"]
[White "Nepomniachtchi, Ian"]
[Black "Jakovenko, Dmitry"]
[Result "1/2-1/2"]
[WhiteTitle "GM"]
[BlackTitle "GM"]
[WhiteElo "2751"]
[BlackElo "2735"]
[WhiteFideId "4168119"]
[BlackFideId "4122356"]
[EventDate "2018.05.27"]

1. c4 c5 2. Nf3 Nf6 3. Nc3 e6 4. e4 Nc6 5. d4 cxd4 6. Nxd4 Bb4 7. Nxc6 bxc6 8.
Bd3 e5 9. O-O O-O 10. Qe2 d6 11. Na4 Ba5 12. Rd1 Qe7 13. b3 Rd8 14. Bc2 Nd7 15.
Be3 Nb6 16. Nxb6 Bxb6 17. Rd3 Be6 18. Rad1 Qc7 19. h3 Bxe3 20. Qxe3 Rd7 21. Rc3
Rad8 22. b4 Qb6 23. Qxb6 axb6 24. Ba4 Rc8 25. Bb3 Kf8 26. Rcd3 Ke7 27. h4 1/2-1/2

[Event "19th Karpov Poikovsky"]
[Site "Poikovsky RUS"]
[Date "2018.06.05"]
[Round "9.2"]
[White "Kovalev, Vladislav"]
[Black "Gelfand, Boris"]
[Result "1/2-1/2"]
[WhiteTitle "GM"]
[BlackTitle "GM"]
[WhiteElo "2650"]
[BlackElo "2695"]
[WhiteFideId "13504398"]
[BlackFideId "2805677"]
[EventDate "2018.05.27"]

1. e4 c5 2. Nf3 Nc6 3. Nc3 g6 4. d4 cxd4 5. Nxd4 Bg7 6. Be3 Nf6 7. Bc4 O-O 8.
Bb3 Re8 9. f3 d5 10. exd5 Nb4 11. Nde2 e6 12. Bd4 exd5 13. O-O Be6 14. Bf2 d4
15. Nxd4 Bxb3 16. Nxb3 Qxd1 17. Raxd1 Nxc2 18. Na5 b6 19. Nc4 1/2-1/2

[Event "19th Karpov Poikovsky"]
[Site "Poikovsky RUS"]
[Date "2018.06.05"]
[Round "9.3"]
[White "Fedoseev, Vladimir3"]
[Black "Vidit, Santosh Gujrathi"]
[Result "1/2-1/2"]
[WhiteTitle "GM"]
[BlackTitle "GM"]
[WhiteElo "2706"]
[BlackElo "2707"]
[WhiteFideId "24130737"]
[BlackFideId "5029465"]
[EventDate "2018.05.27"]

1. d4 Nf6 2. Nf3 g6 3. e3 Bg7 4. Be2 c5 5. d5 e6 6. c4 O-O 7. O-O d6 8. Nc3 Re8
9. e4 exd5 10. exd5 Bf5 11. Bd3 Bg4 12. h3 Bxf3 13. Qxf3 Nbd7 14. Qd1 Nh5 15.
Kh2 Be5+ 16. f4 Bxc3 17. bxc3 Qh4 18. Qf3 f5 19. Bd2 Ng7 20. Rab1 Rab8 21. Rfe1
Rxe1 22. Bxe1 Qe7 23. a4 a5 24. Bf2 b6 25. g4 Rf8 26. g5 Re8 27. Kg1 Qf7 28. Be3
Re7 29. Bd2 Qe8 30. Kf2 Nh5 31. Bc2 Kf8 32. h4 Kg8 33. Rh1 Kf8 34. Rh3 Kg8 35.
Bd3 Kf8 36. Qd1 Kg8 37. Qb1 Kf8 38. Qb5 Qc8 39. Rh1 Ke8 40. Rg1 Kf8 41. Be2 Kg8
42. Bf3 Qb8 43. Rb1 Kf7 44. Rb2 Kf8 45. Bc1 Kf7 46. Rc2 Qe8 47. Bd2 Kf8 48. Rc1
Kf7 49. Qb1 Kg8 50. Rh1 Qf8 51. Rg1 Qe8 52. Rg2 Qf8 53. Rh2 Qe8 54. Qb5 Kf8 55.
Rh1 Kf7 56. Rg1 Kg8 57. Rd1 Qd8 58. Rb1 Qe8 59. Qc6 Qb8 60. Bc1 Kf7 61. Rb2 Kg8
62. Be3 Kf7 63. Re2 Kf8 64. Re1 Kf7 65. Qb5 Qf8 66. Qb1 Kg8 67. Qd3 Qf7 68. Qc2
Qf8 69. Qb1 Ng7 70. Qb5 Kf7 71. Qc6 Qb8 72. Ke2 Nh5 73. Kd2 Kf8 74. Qb5 Qe8 75.
Qb1 Qf7 76. Qd3 Kg8 77. Qb1 Kf8 78. Qb5 Qe8 1/2-1/2

[Event "19th Karpov Poikovsky"]
[Site "Poikovsky RUS"]
[Date "2018.06.05"]
[Round "9.4"]
[White "Bologan, Victor"]
[Black "Sutovsky, Emil"]
[Result "1-0"]
[WhiteTitle "GM"]
[BlackTitle "GM"]
[WhiteElo "2610"]
[BlackElo "2647"]
[WhiteFideId "13900048"]
[BlackFideId "2802007"]
[EventDate "2018.05.27"]

1. e4 e5 2. Nf3 Nc6 3. Bc4 Nf6 4. d3 h6 5. O-O d6 6. c3 g5 7. d4 g4 8. Nfd2 Bg7
9. f4 exd4 10. cxd4 Nxe4 11. Nxe4 d5 12. f5 dxe4 13. d5 Ne5 14. Nc3 Qh4 15. Nxe4
g3 16. hxg3 Qxe4 17. Rf4 Qxf5 18. Rxf5 Bxf5 19. Qa4+ Bd7 20. Bb5 c6 21. dxc6
bxc6 22. Be2 O-O 23. Bd2 c5 24. Qe4 Rae8 25. Bc3 Nc6 26. Qd5 Nd4 27. Bf1 Be6 28.
Qxc5 Rc8 29. Qxa7 Ra8 30. Qb7 Rfb8 31. Qe4 Ra4 32. Rd1 Bf5 33. Qd5 Be6 34. Qd6 1-0

[Event "19th Karpov Poikovsky"]
[Site "Poikovsky RUS"]
[Date "2018.06.05"]
[Round "9.5"]
[White "Korobov, Anton"]
[Black "Artemiev, Vladislav"]
[Result "1/2-1/2"]
[WhiteTitle "GM"]
[BlackTitle "GM"]
[WhiteElo "2678"]
[BlackElo "2704"]
[WhiteFideId "14105730"]
[BlackFideId "24101605"]
[EventDate "2018.05.27"]

1. d4 Nf6 2. Nf3 g6 3. c4 Bg7 4. Nc3 d5 5. cxd5 Nxd5 6. e4 Nxc3 7. bxc3 c5 8.
Be3 O-O 9. Be2 b6 10. Rc1 e6 11. Qa4 Bb7 12. e5 Nc6 13. O-O cxd4 14. cxd4 Ne7
15. Nd2 Nd5 16. Nc4 Nxe3 17. fxe3 Bh6 18. Bf3 Bd5 19. Qa3 Rc8 20. Nd2 Qd7 21.
Kf2 Bg5 22. Ne4 Bh4+ 23. Kg1 Bxe4 24. Bxe4 Be7 25. Qb3 Rc7 26. Rxc7 Qxc7 27. Qc2
Qxc2 28. Bxc2 Rc8 29. Bb3 Ba3 30. d5 exd5 31. Bxd5 Rc7 32. e6 fxe6 33. Bxe6+ Kg7
34. Rd1 Kf6 35. Bb3 Rc3 36. Rd7 a5 37. Rxh7 Bc5 38. Rb7 Ke5 39. Kf1 Ke4 40. Ke2
Rxe3+ 41. Kd1 Kd4 42. Rf7 Bb4 43. Rf4+ Ke5 44. Rf2 Re1+ 45. Kc2 b5 46. a4 bxa4
47. Bxa4 Bc5 48. Rd2 Re4 49. Bc6 Rc4+ 50. Kd3 Rb4 51. Ke2 Bd4 52. Ra2 Bb6 53.
Ra4 1/2-1/2